Los buscadores de oro : (Record no. 84388)

MARC details
000 -CABECERA
campo de control de longitud fija 00651nam a2200217 a 4500
003 - IDENTIFICADOR DEL NÚMERO DE CONTROL
campo de control MX-MxUPN
005 - FECHA Y HORA DE LA ÚLTIMA TRANSACCIÓN
campo de control 20240806063810.0
008 - ELEMENTOS DE LONGITUD FIJA--INFORMACIÓN GENERAL
campo de control de longitud fija 010802s1908 mx a fr 000 0 spa d
035 ## - NÚMERO DE CONTROL DEL SISTEMA
Número de control de sistema UPN01000110479
040 ## - FUENTE DE LA CATALOGACIÓN
Centro catalogador/agencia de origen MX-MxUPN
Lengua de catalogación spa
Centro/agencia transcriptor MX-MxUPN
041 0# - CÓDIGO DE IDIOMA
Código de lengua del texto/banda sonora o título independiente spa
050 #4 - SIGNATURA TOPOGRÁFICA DE LA BIBLIOTECA DEL CONGRESO
Número de clasificación PZ73
Número de documento/Ítem S6.2 1908
100 1# - ASIENTO PRINCIPAL--NOMBRE PERSONAL
Nombre de persona Spillmann, Joseph,
Fechas asociadas al nombre 1842-1905
9 (RLIN) 52814
245 14 - MENCIÓN DE TÍTULO
Título Los buscadores de oro :
Resto del título relación de las misiones de Alaska
250 ## - MENCIÓN DE EDICIÓN
Mención de edición Segunda edición.
260 ## - PUBLICACIÓN, DISTRIBUCIÓN, ETC.
Lugar de publicación, distribución, etc. Friburgo de Brisgovia, Alemania,
Nombre del editor, distribuidor, etc. B. Herder,
Fecha de publicación, distribución, etc. 1908.
300 ## - DESCRIPCIÓN FÍSICA
Extensión 114 páginas :
Otras características físicas ilustraciones
650 14 - ASIENTO SECUNDARIO DE MATERIA - TERMINO TEMATICO
Término de materia o nombre geográfico como elemento de entrada Literatura juvenil
9 (RLIN) 5153
902 ## - ELEMENTOS DE DATOS B LOCAL, LDB (RLIN)
Creó MMA/cav
942 ## - ELEMENTOS DE PUNTO DE ACCESO ADICIONAL (KOHA)
Fuente del sistema de clasificación o colocación Library of Congress Classification
Tipo de ítem Koha Libro
Holdings
Estado de retiro Estado de pérdida Fuente del sistema de clasificación o colocación Estado dañado No para préstamo Código de colección Localización permanente Ubicación/localización actual Ubicación en estantería Fecha de adquisición Clasificación Código de barras Fecha visto por última vez Tipo de ítem Koha
    Library of Congress Classification   Disponible (Previa cita) Fondo Reservado de libros Bib. Gregorio Torres Quintero Bib. Gregorio Torres Quintero Sala de Fondos Reservados Planta alta 13/09/2022 PZ73 S6.2 1908 123553 31/12/2020 Libro